| 000 | 00625aam a2200253 4500 | ||
|---|---|---|---|
| 005 | 20250826111957.0 | ||
| 008 | 150311b xxu||||| |||| 00| 0 spa d | ||
| 020 | _a9789977239019 | ||
| 041 | _aESP | ||
| 082 | _aCR 861.6 D288o | ||
| 100 |
_aDebravo, Jorge _912331 |
||
| 245 | _aObra poética | ||
| 260 | _aCosta Rica | ||
| 260 | _bEditorial Costa Rica | ||
| 260 | _c2013 | ||
| 300 | _a576 páginas | ||
| 490 | _aTemática General | ||
| 650 | _aTEMÁTICA GENERAL | ||
| 650 | _aPOESÍA COSTARRICENSE | ||
| 650 | _aLITERATURA COSTARRICENSE | ||
| 650 | _aCOMPILACIÓN | ||
| 650 | _aCOSTA RICA | ||
| 942 |
_cLIT _2ddc |
||
| 999 |
_c16 _d16 |
||